000 03094nam a22002657a 4500
003 DO-SdBJH
005 20260703205725.0
008 260703b2025 |||||||| |||| 00| 0 spa d
040 _aDO-SdBJH
_bspa
_cDO-SdBJH
041 0 _aspa
090 _aCT CM-0025
_bAMBC 2025
100 1 _aAmézquita Hilario, Luis Emmanuel
_esustentante
245 1 0 _aEvaluación de la efectividad del proceso de capacitación y entrenamiento del personal de la Policía Militar del ERD para protección y seguridad de instalaciones militares en la Frontera Terrestre de República Dominicana /
_cLuis Emmanuel Amézquita Hilario, Dahiana Nicole Santana ; asesor metodológico David Aguiar ; asesor de contenido Génesis Alejandro Sosa Jiménez.
260 _aSanto Domingo, República Dominicana :
_bUNADE,
_c2025.
502 _aTesis y trabajos de grado (Licenciatura en Ciencias Militares)--Universidad Nacional para la Defensa "General Juan Pablo Duarte y Díez", Academia Militar "Batalla de las Carreras", Santo Domingo, 2025.
504 _aIncluye referencias bibliográficas y anexos.
505 _aFundamentos institucionales, históricos y doctrinales de la Policía Militar del Ejército de República Dominicana -- Proceso de Capacitación y entrenamiento del personal de la Policía Militar del ERD para la protección y seguridad de instalaciones militares fronterizas -- Evaluación de la efectividad del proceso de capacitación y propuestas de mejora para el fortalecimiento de la seguridad militar fronteriza.
520 _aEste estudio analiza si la capacitación y entrenamiento de la Policía Militar del ERD son realmente efectivos para proteger instalaciones militares en la frontera. La frontera dominicana enfrenta grandes retos: contrabando, migración irregular, narcotráfico y tensiones armadas. En ese escenario, la preparación del personal militar es clave para garantizarla seguridad nacional y la soberanía del país. La investigación indica que la Policía Militar ha conseguido logros significativos debido a un marco legal firme y a la colaboración con otras entidades. No obstante también muestra flaquezas: ausencia de tecnología actualizada, escasez de instructores especializados y poca capacitación en derecho humano, ciberseguridad y disturbios civiles. En síntesis, es necesario actualizar la capacitación, fortalecer el entrenamiento en materia legal y tecnológica y aumentar la colaboración a nivel internacional. Con estas modificaciones, la Policía Militar podrá reaccionar a los retos fronterizos de una forma mas eficaz y ser un pilar más solido de la defensa del país.
650 7 _2lemb
_aPolicía militar
_vTesis y disertaciones académicas
_xCapacitación militar
_xEvaluación de programas
_zRepública Dominicana
650 7 _2lemb
_aInstalaciones militares
_vTesis y disertaciones académicas
_xSeguridad
_xVigilancia fronteriza
_zRepública Dominicana
700 1 _a Santana, Dahiana Nicole
_esustentante
700 1 _aAguiar, David
_easesor metodológico
700 1 _aSosa Jiménez, Génesis Alejandro
_easesor de contenido
942 _2CL
_cT
999 _c8753
_d8753